Loading...
| History - European | 1 | 4 | 1 | 0 | 50 | 67 | 86.00 | 2 | 5 | 0.00 | 0.00 |
| History - American | 0 | 3 | 0 | 2 | 30 | 87 | 118.33 | 1 | 3 | 0.00 | 0.00 |
| History - World | 0 | 3 | 0 | 1 | 30 | 88 | 107.33 | 1 | 3 | 0.00 | 0.00 |
| Philosophy | 0 | 1 | 0 | 0 | 10 | 84 | 84.00 | 1 | 1 | 0.00 | 0.00 |
| Science - Other | 0 | 1 | 0 | 0 | 10 | 119 | 119.00 | 0 | 1 | 0.00 | 0.00 |
| Religion | 0 | 1 | 0 | 0 | 10 | 78 | 78.00 | 1 | 1 | 0.00 | 0.00 |
| Social Science | 0 | 1 | 0 | 0 | 10 | 117 | 117.00 | 1 | 1 | 0.00 | 0.00 |
| History - Ancient/Other | 0 | 3 | 4 | 1 | 10 | 93 | 123.67 | 1 | 3 | 0.00 | 0.00 |
| Mythology | 0 | 0 | 1 | 0 | -5 | 0.00 | 0 | 0 | 0.00 | 0.00 | |
| Fine Arts - Visual | 0 | 0 | 1 | 0 | -5 | 0.00 | 0 | 0 | 0.00 | 0.00 |